Positions available / (Record no. 1029)

MARC details
000 -LEADER
campo de control de longitud fija 00943nam a22002657a 4500
008 - DATOS DE LONGITUD FIJA--INFORMACIÓN GENERAL
campo de control de longitud fija 160820s1997 xxu||||| |||| 00| 0 eng d
082 04 - NÚMERO DE LA CLASIFICACIÓN DECIMAL DEWEY
Número de clasificación 708
Número de ítem P855p
100 ## - ENTRADA PRINCIPAL--NOMBRE DE PERSONA
Nombre de persona Horwarth, Jennifer.
9 (RLIN) 5461
245 10 - MENCIÓN DEL TÍTULO
Título Positions available /
Mención de responsabilidad, etc. Jennifer Horwath...[et. al.] ; I space.
250 ## - MENCION DE EDICION
Mención de edición 1a ed.
260 ## - PUBLICACIÓN, DISTRIBUCIÓN, ETC.
Lugar de publicación, distribución, etc. Chicago, Estados Unidos :
Nombre del editor, distribuidor, etc. University of Illinois at Urbana-Champaign,
Fecha de publicación, distribución, etc. 1997.
300 ## - DESCRIPCIÓN FÍSICA
Extensión 24 p.
Otras características físicas il. col.
500 ## - NOTA GENERAL
Nota general Catálogo publicado con motivo a la exposición "Positions Available", presentada en I space, del 11 de julio al 2 de agosto de 1997.
653 10 - TÉRMINO DE INDIZACIÓN--NO CONTROLADO
Término no controlado Arte contemporáneo
653 10 - TÉRMINO DE INDIZACIÓN--NO CONTROLADO
Término no controlado Catálogo de exhibición
653 10 - TÉRMINO DE INDIZACIÓN--NO CONTROLADO
Término no controlado Exhibiciones
653 10 - TÉRMINO DE INDIZACIÓN--NO CONTROLADO
Término no controlado Pintura
653 10 - TÉRMINO DE INDIZACIÓN--NO CONTROLADO
Término no controlado Instalaciones
700 1# - ENTRADA AGREGADA--NOMBRE PERSONAL
Nombre de persona Jones, Sandra.
9 (RLIN) 5462
700 1# - ENTRADA AGREGADA--NOMBRE PERSONAL
Nombre de persona Magnotta, Frank.
9 (RLIN) 5463
700 1# - ENTRADA AGREGADA--NOMBRE PERSONAL
Nombre de persona Matsuyama, Mie.
9 (RLIN) 5464
700 1# - ENTRADA AGREGADA--NOMBRE PERSONAL
Nombre de persona Morris, Charles.
9 (RLIN) 5465
700 1# - ENTRADA AGREGADA--NOMBRE PERSONAL
Nombre de persona Pachikara, Cynthia.
9 (RLIN) 5466
710 1# - ENTRADA AGREGADA--NOMBRE DE ENTIDAD CORPORATIVA
Nombre de entidad corporativa o nombre de jurisdicción como elemento de entrada I space.
9 (RLIN) 5467
Holdings
Estatus retirado Estado de pérdida Fuente del sistema de clasificación o colocación Estado de daño No para préstamo Biblioteca de origen Biblioteca actual Ubicación en estantería Fecha de adquisición Total de préstamos Signatura topográfica completa Código de barras Visto por última vez Precio de reemplazo Tipo de ítem Koha
    Clasificación Decimal Dewey     Biblioteca LadoV Biblioteca LadoV   20/08/2016   708 P855p 003880 20/08/2016 20/08/2016 Material 01